<?xml version="1.0" encoding="UTF-8"?>
<record
    xmlns:xsi="http://www.w3.org/2001/XMLSchema-instance"
    xsi:schemaLocation="http://www.loc.gov/MARC21/slim http://www.loc.gov/standards/marcxml/schema/MARC21slim.xsd"
    xmlns="http://www.loc.gov/MARC21/slim">

  <leader>01839nab a2200241uuc4500</leader>
  <controlfield tag="001">1322669</controlfield>
  <controlfield tag="005">20240202111749.0</controlfield>
  <controlfield tag="008">130409e20120901                    spa  </controlfield>
  <datafield tag="035" ind1=" " ind2=" ">
    <subfield code="a">1322669</subfield>
  </datafield>
  <datafield tag="040" ind1=" " ind2=" ">
    <subfield code="c">comduadb</subfield>
  </datafield>
  <datafield tag="041" ind1=" " ind2=" ">
    <subfield code="a">spa</subfield>
  </datafield>
  <datafield tag="100" ind1="1" ind2="0">
    <subfield code="a">Rodr&#xED;guez, Diego Andr&#xE9;s</subfield>
    <subfield code="4">aut</subfield>
    <subfield code="e">aut</subfield>
    <subfield code="9">488963</subfield>
  </datafield>
  <datafield tag="245" ind1="1" ind2="0">
    <subfield code="a">Coledocolitiasis y colangitis como complicaci&#xF3;n del uso de ceftriaxona en ni&#xF1;os: reporte de caso</subfield>
  </datafield>
  <datafield tag="520" ind1="3" ind2=" ">
    <subfield code="a">La ceftriaxona es ampliamente usada en pediatr&#xED;a debido a su espectro de acci&#xF3;n, larga vida media y buena penetraci&#xF3;n en los sitios donde se asientan las infecciones m&#xE1;s frecuentes. Es bien tolerada, aunque, con frecuencia, en ni&#xF1;os que la reciben, se presenta barro biliar y pseudocolelitiasis. Esto se ve favorecido porque cerca del 40% del f&#xE1;rmaco es eliminado por la bilis sin modificaciones, donde se comporta como un ani&#xF3;n con alta afinidad por las sales de calcio. La mayor&#xED;a de los casos cursan asintom&#xE1;ticos o m&#xED;nimamente sintom&#xE1;ticos, y de resoluci&#xF3;n espont&#xE1;nea solo al suspender el uso del f&#xE1;rmaco. Se presenta el caso de una ni&#xF1;a de 4 a&#xF1;os que recibe ceftriaxona durante 14 d&#xED;as por sinusitis, desarrollando al quinto d&#xED;a c&#xE1;lculos en la ves&#xED;cula biliar que crecen hasta 11 mm y tardan 55 d&#xED;as en desaparecer; el d&#xED;a 34, presenta colecistitis, colangitis y coledocolitiasis que requieren manejo hospitalario.</subfield>
  </datafield>
  <datafield tag="650" ind1=" " ind2=" ">
    <subfield code="a">Coledocolitiasis</subfield>
    <subfield code="9">188738</subfield>
  </datafield>
  <datafield tag="650" ind1=" " ind2=" ">
    <subfield code="a">Colangitis</subfield>
    <subfield code="9">202872</subfield>
  </datafield>
  <datafield tag="650" ind1=" " ind2=" ">
    <subfield code="a">Ceftriaxona</subfield>
    <subfield code="9">80306</subfield>
  </datafield>
  <datafield tag="700" ind1="1" ind2="0">
    <subfield code="a">Bustacara, Maximiliano</subfield>
    <subfield code="4">aut</subfield>
    <subfield code="e">aut</subfield>
    <subfield code="9">657131</subfield>
  </datafield>
  <datafield tag="700" ind1="1" ind2="0">
    <subfield code="a">Pinilla, Adriana Patricia</subfield>
    <subfield code="4">aut</subfield>
    <subfield code="e">aut</subfield>
    <subfield code="9">662305</subfield>
  </datafield>
  <datafield tag="700" ind1="1" ind2="0">
    <subfield code="a">Henao, Liliana</subfield>
    <subfield code="4">aut</subfield>
    <subfield code="e">aut</subfield>
    <subfield code="9">671986</subfield>
  </datafield>
  <datafield tag="773" ind1="0" ind2=" ">
    <subfield code="t">Infectio : Revista de la Asociaci&#xF3;n Colombiana de Infectolog&#xED;a (Medell&#xED;n)</subfield>
    <subfield code="g">Volumen 16, N&#xFA;mero 03, Septiembre 2012, p. 187-190</subfield>
    <subfield code="w">648190</subfield>
    <subfield code="x">0123-9392</subfield>
    <subfield code="0">190879</subfield>
  </datafield>
  <datafield tag="942" ind1=" " ind2=" ">
    <subfield code="c">ARIMP</subfield>
  </datafield>
  <datafield tag="999" ind1=" " ind2=" ">
    <subfield code="c">648469</subfield>
    <subfield code="d">648469</subfield>
  </datafield>
</record>
